Responses for Show #6382 - Tuesday, May 22, 2012

Joel Pool game 2.

Contestants

[<< previous game]

Marnie Cox, an attorney from Astoria, New York

Mike Lally, a food safety inspector from Ada, Michigan

Joel Pool, a real estate developer from Oakland, California (whose 1-day cash winnings total $16,700)

[next game >>]

Jeopardy! Round responses

THE INDIANAPOLIS 500
(Alex: ...which is coming up this weekend.)
INTERNATIONAL RELATIONS
WRITER'S DICTIONARY
IN PERE-LACHAISE CEMETERY
(Alex: ...in... outside of Paris.)
GIVE ME A PRIZE!
"IFY" ANSWER CORRECTLY
    $200 7
Purdue

Mike
    $200 6
extradition

Mike
    $200 9
narrator

Mike
    $200 24
Marcel Marceau

Mike
    $200 13
a Pulitzer

Mike
    $200 1
unify

Marnie
    $400 8
(Joel: What is champagne?)

milk

JoelMarnie
    $400 16
Geneva

Mike
    $400 20
(Joel: What is a metaphor?)

an idiom

Joel
Triple Stumper
    $400 25
(Alex: Just like a rose--[*]. Less than a minute to go now, Mike.)

Gertrude Stein

Triple Stumper
    $400 14
Cy Young

Marnie
    $400 2
mummify

Joel
    $600 10
(A.J.) Foyt

Mike
    $600 17
territorial waters

Joel
    $600 21
Sequel

Triple Stumper
    $600 26
(Oscar) Wilde

Joel
    $600 15
Garrison Keillor

Joel
    $600 3
(Joel: What is to clarify?)

amplify

JoelMike
    $800 11
Gasoline Alley

Mike
    $800 18
a pouch

Joel
    $800 22
resolution

Marnie
    $800 29
Chopin

Triple Stumper
    $800 27
the Golden Globes

Marnie
    $800 4
crucify

Joel
    $1000 12
Dan Wheldon

Triple Stumper
    $1000 19
a cartel

Joel
    $1000 23
(Mike: What's the antagonist?)

a foil

JoelMike
    $600 30
(Alex: [*] is right--A la recherche du temps perdu.)

(Marcel) Proust

Marnie
    $1000 28
the Booker Prize

Marnie
    $1000 5
dignify

Joel

Scores at the first commercial break (after clue 15):

Joel Mike Marnie
$1,800 $2,800 $1,000

Scores at the end of the Jeopardy! Round:

Joel Mike Marnie
$5,400 $2,400 $4,200

Double Jeopardy! Round responses

THE COMMONWEALTH OF NATIONS
FROM THE SANSKRIT
YOUR DAY IN "C"OURT
NATIVE AMERICANS BY TRIBE
BEFORE & AFTER GOES TO THE MOVIES
(Alex: And finally, in honor of healthy vision month, which this is, we'll test your...)
EYE Q
    $400 1
Queen Elizabeth

Mike
    $400 3
Himalayas

Mike
    $400 21
a claim

Joel
    $400 26
Hunkpapa Sioux

Triple Stumper
    $400 8
Men in Black Swan

Marnie
    $400 16
to dilate

Joel
    $800 2
nuclear weapons

Marnie
    $800 4
punch

Joel
    $800 22
collateral

Joel
    $800 27
(Joel: Who are the Cherokee?)

Apache

JoelMike
    $800 9
Rain Man of La Mancha

Marnie
    $800 17
the optic nerve

Joel
    $1200 13
Canada

Joel
    $1200 5
pundit

Joel
    $1200 23
a challenge

Triple Stumper
    $1,000 28
(Mike: [Exhales] What is Cree?)
(Alex: No. [*], but not Cree.)
[The end-of-round signal sounds.]

Seminole (or Creek)

Mike
    $2,000 10
Rosemary's Baby Mama

Marnie
    $1200 18
a cataract

Joel
    $1600 14
(Mike: What is Zimbabwe?)

Rwanda

MikeMarnie
    $1600 6
(Mike: What is booty?)

loot

JoelMike
    $1600 24
a circuit judge

Marnie
    $1600 11
(Marnie: What is A View to Kill Bill?)
...
(Alex: That's it. You left out one important letter there, Marnie.)

View to a Kill Bill

MikeMarnie
    $1600 19
astigmatism

Joel
    $2000 15
Westminster

Marnie
    $2000 7
dharma

Marnie
    $2000 25
a commutation

Joel
    $2000 12
(Alex: Marlon Brando saying "The horror, the horror, the horror"--[*] is the Bette Davis film.)

Apocalypse Now, Voyager

Triple Stumper
    $2000 20
the conjunctiva

Marnie

Scores at the end of the Double Jeopardy! Round:

Joel Mike Marnie
$16,600 $1,400 $15,800

[wagering suggestions for these scores]

Final Jeopardy! Round responses

1957
(Alex: [Revealing Mike's response] Governor of [*], Governor Orval Faubus. You are right.)
MikeWhat is Arkansas
$799
MarnieWhat is Mississippi?
$13,000
JoelWhat is Arkansas
$15,100
Arkansas

Final scores:

Joel Mike Marnie
$31,700 $2,199 $2,800
2-day champion: $48,400 3rd place: $1,000 2nd place: $2,000

Game dynamics:

Coryat scores:

Joel Mike Marnie
$16,600 $2,400 $15,400
20 R,
4 W
13 R,
4 W
(including 1 DD)
16 R
(including 2 DDs),
1 W

Combined Coryat: $34,400

[game clues] [game scores] [suggest correction]

Game tape date: 2012-01-17
The J! Archive is created by fans, for fans. Scraping, republication, monetization, and malicious use prohibited; this site may use cookies and collect identifying information. See terms. The Jeopardy! game show and all elements thereof, including but not limited to copyright and trademark thereto, are the property of Jeopardy Productions, Inc. and are protected under law. This website is not affiliated with, sponsored by, or operated by Jeopardy Productions, Inc. Join the discussion at JBoard.tv.